[Event "CZE-chT2a 0405"]
[Site "Czech Republic"]
[Date "2004.12.19"]
[Round "5.4"]
[White "Stluka, Frantisek"]
[Black "Simak, Pavel"]
[Result "1-0"]
[WhiteElo "2130"]
[BlackElo "2106"]
[PlyCount "83"]
[EventDate "2004.10.17"]
[EventType "team"]
[EventRounds "11"]
[EventCountry "CZE"]
[SourceTitle "EXT 2007"]
[Source "ChessBase"]
[SourceDate "2006.11.23"]
[SourceVersion "1"]
[SourceVersionDate "2006.11.23"]
[SourceQuality "1"]
[WhiteTeam "Pribram"]
[BlackTeam "Tabor II"]
[WhiteTeamCountry "CZE"]
[BlackTeamCountry "CZE"]

1. d4 Nf6 2. c4 g6 3. Nc3 Bg7 4. e4 d6 5. f4 0-0 6. Nf3 c5 7. d5 Na6 8. Be2 Nc7 9. 0-0 Bd7 10. a4 b6 11. e5 Nfe8 12. Bd3 a6 13. Ra3 Rb8 14. Qe2 Qc8 15. Kh1 Bf5 16. h3 Bxd3 17. Qxd3 Qd7 18. Rb3 Bh8 19. g4 e6 20. exd6 Nxd6 21. Ne5 Qe8 22. dxe6 Qxe6 23. Nd5 Nxd5 24. cxd5 Qe8 25. Nc4 Nxc4 26. Qxc4 Qd7 27. f5 Bd4 28. Rbf3 b5 29. axb5 axb5 30. Qa2 Rbd8 31. fxg6 fxg6 32. d6+ c4 33. Rxf8+ Rxf8 34. Rxf8+ Kxf8 35. Qa8+ Kf7 36. Qd5+ Qe6 37. Qxd4 Qe1+ 38. Qg1 Qe4+ 39. Kh2 Qe2+ 40. Kg3 Qe5+ 41. Bf4 Qxb2 42. Qa7+ 1-0